[Event "ITA-chT 45th "]
[Site "Bratto"]
[Date "2013.04.29"]
[Round "4"]
[White "Iotti, Pierluigi"]
[Black "Marinelli, Tullio"]
[Result "1-0"]
[WhiteElo "2303"]
[BlackElo "2373"]
[PlyCount "22"]
[EventDate "2013.04.27"]
[EventType "team-swiss"]
[EventRounds "7"]
[EventCountry "ITA"]
[SourceTitle "CBM 154 Extra"]
[Source "ChessBase"]
[SourceDate "2013.06.25"]
[SourceVersion "2"]
[SourceVersionDate "2013.06.25"]
[SourceQuality "1"]
[WhiteTeam "Portlab Club 64"]
[BlackTeam "Latina"]
[WhiteTeamCountry "ITA"]
[BlackTeamCountry "ITA"]

1. d4 Nf6 2. Nf3 e6 3. c4 b6 4. g3 Bb7 5. Bg2 Be7 6. 0-0 0-0 7. b3 d5 8. Ne5 Nbd7 9. Nd2 c5 10. e3 Rc8 11. Bb2 Ba6 1-0

[Event "ITA-ch sf"]
[Site "San Martino di Castrozza"]
[Date "2003.07.27"]
[Round "7"]
[White "Di Paolo, Raffaele"]
[Black "Iotti, Pierluigi"]
[Result "1-0"]
[WhiteElo "2320"]
[BlackElo "2314"]
[PlyCount "65"]
[EventDate "2003.06.21"]
[EventType "swiss"]
[EventRounds "9"]
[EventCountry "ITA"]
[SourceTitle "EXT 2005"]
[Source "ChessBase"]
[SourceDate "2004.11.15"]
[SourceVersion "1"]
[SourceVersionDate "2004.11.15"]
[SourceQuality "1"]

1. e4 e6 2. d4 d5 3. Nd2 Nf6 4. e5 Nfd7 5. c3 c5 6. Bd3 Nc6 7. Ne2 cxd4 8. cxd4 Nb6 9. b3 Bd7 10. a3 a5 11. Nf3 Be7 12. Nc3 h6 13. h4 Na7 14. Bb2 Bc6 15. a4 h5 16. Bc1 Bb4 17. Bd2 Nbc8 18. Ng5 Qe7 19. Rh3 Kd8 20. Rc1 Be8 21. Qe2 Nc6 22. Nf3 N8a7 23. Rg3 f6 24. Kf1 Kc7 25. exf6 gxf6 26. Bf4+ Kb6 27. Qc2 Rc8 28. Rg7 Qf8 29. Na2 Ne5 30. Rc7 Nec6 31. Nxb4 axb4 32. a5+ Kxa5 33. Rxb7 1-0

[Event "ITA-ch sf"]
[Site "San Martino di Castrozza"]
[Date "2003.06.22"]
[Round "2"]
[White "Iotti, Pierluigi"]
[Black "Sbarra, Marco"]
[Result "1/2-1/2"]
[WhiteElo "2314"]
[BlackElo "2217"]
[PlyCount "99"]
[EventDate "2003.06.21"]
[EventType "swiss"]
[EventRounds "9"]
[EventCountry "ITA"]
[SourceTitle "EXT 2005"]
[Source "ChessBase"]
[SourceDate "2004.11.15"]
[SourceVersion "1"]
[SourceVersionDate "2004.11.15"]
[SourceQuality "1"]

1. d4 d5 2. c4 e6 3. Nc3 c5 4. cxd5 exd5 5. Nf3 Nc6 6. g3 Nf6 7. Bg2 Be7 8. 0-0 0-0 9. Bg5 cxd4 10. Nxd4 h6 11. Bf4 Bg4 12. h3 Bd7 13. Ndb5 Bf5 14. g4 Be4 15. Nxe4 dxe4 16. Qxd8 Raxd8 17. Rfd1 Bc5 18. Bd6 Bxd6 19. Nxd6 e3 20. fxe3 Rd7 21. Rd2 Ne5 22. Bxb7 Rb8 23. Bg2 Ne8 24. Rad1 Nxd6 25. Rxd6 Rxd6 26. Rxd6 Rxb2 27. Ra6 Rxe2 28. Rxa7 g6 29. a4 Rxe3 30. a5 Ra3 31. a6 Kg7 32. Ra8 Nf3+ 33. Kf2 Nd4 34. Bd5 Kf6 35. h4 Ke5 36. Bc4 f5 37. a7 Kf4 38. Rd8 Rxa7 39. Rxd4+ Ke5 40. Rd5+ Kf4 41. h5 Kxg4 42. hxg6 Kg5 43. Rd6 h5 44. Bf7 Kh6 45. Kg3 Ra4 46. Rf6 Kg5 47. g7 Rg4+ 48. Kf3 Kxf6 49. g8Q Rxg8 50. Bxg8 1/2-1/2

[Event "ITA-chT Serie A1 Nord"]
[Site "Monselice"]
[Date "2003.03.28"]
[Round "3.2"]
[White "Iotti, Pierluigi"]
[Black "Skembris, Spyridon"]
[Result "1/2-1/2"]
[WhiteElo "2314"]
[BlackElo "2426"]
[PlyCount "123"]
[EventDate "2003.03.28"]
[EventType "team"]
[EventRounds "5"]
[EventCountry "ITA"]
[SourceTitle "EXT 2005"]
[Source "ChessBase"]
[SourceDate "2004.11.15"]
[SourceVersion "1"]
[SourceVersionDate "2004.11.15"]
[SourceQuality "1"]

1. d4 d5 2. Nf3 c6 3. Bf4 Bg4 4. Nbd2 Nd7 5. e3 e6 6. h3 Bh5 7. Be2 Ngf6 8. 0-0 Be7 9. c4 0-0 10. Qb3 Qb6 11. Rfc1 Ne4 12. g4 Nxd2 13. Nxd2 Bg6 14. c5 Qxb3 15. axb3 f6 16. b4 e5 17. Bg3 a6 18. Nb3 Rfe8 19. Re1 Rab8 20. Rac1 Bd8 21. f4 exf4 22. Bxf4 Rc8 23. Na5 Bxa5 24. bxa5 Nf8 25. Rc3 Ne6 26. Bd6 Nc7 27. Bxc7 Rxc7 28. Ra1 Be4 29. Raa3 g5 30. Rab3 Kg7 31. Rb6 Ree7 32. Rcb3 f5 33. Kf2 Kf6 34. Kg3 Kg6 35. Rc3 h6 36. Rbb3 Re6 37. Rc1 Rce7 38. Rbc3 Rf6 39. Rf1 Ref7 40. Rcc1 f4+ 41. exf4 gxf4+ 42. Kf2 Kg5 43. Bf3 Bxf3 44. Kxf3 Re6 45. Rfe1 Rfe7 46. Rxe6 Rxe6 47. Rc3 Re4 48. Rb3 Rxd4 49. h4+ Kxh4 50. Rxb7 Rc4 51. b4 Kg5 52. Rg7+ Kf6 53. Rh7 Rxb4 54. Rxh6+ Kg5 55. Rh5+ Kg6 56. Re5 Rc4 57. g5 Kh5 58. Rf5 Rxc5 59. Kxf4 Rc4+ 60. Ke5 Kg6 61. Rf8 Kxg5 62. Rg8+ 1/2-1/2

[Event "Reggio Emilia 0203 45th"]
[Site "Reggio Emilia"]
[Date "2003.01.02"]
[Round "5"]
[White "Tomescu, Vlad"]
[Black "Iotti, Pierluigi"]
[Result "1-0"]
[WhiteElo "2432"]
[BlackElo "2314"]
[PlyCount "57"]
[EventDate "2002.12.29"]
[EventType "tourn"]
[EventRounds "9"]
[EventCountry "ITA"]
[EventCategory "8"]
[SourceTitle "CBM 091 Extra"]
[Source "ChessBase"]
[SourceDate "2003.01.09"]
[SourceVersion "1"]
[SourceVersionDate "2003.01.09"]
[SourceQuality "1"]

1. d4 Nf6 2. c4 e6 3. Nc3 Bb4 4. f3 c5 5. d5 e5 6. e4 d6 7. Bd3 Bxc3+ 8. bxc3 Qa5 9. Ne2 Nbd7 10. 0-0 0-0 11. g4 Nb6 12. Bg5 Nbd7 13. Ng3 h6 14. Bd2 Re8 15. h4 Nf8 16. g5 hxg5 17. hxg5 N6h7 18. Kf2 Qd8 19. Rh1 Nxg5 20. Bxg5 Qxg5 21. Rh5 Qf6 22. Qh1 g6 23. Rh6 Qg7 24. Rg1 Rd8 25. Nf5 Qf6 26. Ne7+ Kg7 27. Nf5+ Kg8 28. Rg4 b5 29. Rgh4 1-0

[Event "ITA-chT UISP 23rd"]
[Site "Rimini"]
[Date "2002.12.??"]
[Round "1"]
[White "Iotti, Pierluigi"]
[Black "Gazzarri, Alberto"]
[Result "1-0"]
[WhiteElo "2314"]
[BlackElo "2173"]
[PlyCount "113"]
[EventDate "2002.12.??"]
[EventType "team"]
[EventRounds "6"]
[EventCountry "ITA"]
[SourceTitle "EXT 2024"]
[Source "ChessBase"]
[SourceDate "2023.10.10"]
[SourceVersion "1"]
[SourceVersionDate "2023.10.10"]
[SourceQuality "1"]

1. d4 Nf6 2. Nf3 g6 3. g3 Bg7 4. Bg2 d6 5. 0-0 0-0 6. c4 Nbd7 7. Nc3 e5 8. e4 Qe7 9. h3 c6 10. b3 b6 11. Bb2 Ba6 12. Re1 Rfd8 13. a4 h6 14. d5 c5 15. Nd2 Nh5 16. a5 Rdb8 17. Nb5 Nf8 18. Bf1 Nh7 19. Qe2 Bc8 20. axb6 axb6 21. Bc3 Bf8 22. Nf3 Qb7 23. Qb2 Be7 24. Bd2 g5 25. Nh2 N7f6 26. Bg2 Bd7 27. Nf1 Kh7 28. Ne3 Ng7 29. g4 Nfe8 30. Nc3 Nc7 31. b4 cxb4 32. Qxb4 Na6 33. Qb2 Nc5 34. Bf1 Ra5 35. Reb1 Rxa1 36. Rxa1 h5 37. f3 f6 38. Nc2 Kg6 39. Be3 Qc8 40. Nb4 hxg4 41. hxg4 Qh8 42. Ra7 Qh4 43. Qf2 Qh7 44. Qh2 Qxh2+ 45. Kxh2 Rh8+ 46. Kg1 Kf7 47. Na6 Rd8 48. Be2 Ke8 49. Bd1 Rc8 50. Bxc5 bxc5 51. Ba4 Rd8 52. Rxd7 Rxd7 53. Nb8 Kd8 54. Nxd7 Kc7 55. Bc6 Ne8 56. Nxc5 Kb6 57. N5a4+ 1-0

[Event "ITA-ch sf"]
[Site "Arvier"]
[Date "2002.06.25"]
[Round "4"]
[White "Iotti, Pierluigi"]
[Black "Martorelli, Antonio"]
[Result "1-0"]
[WhiteElo "2291"]
[BlackElo "2257"]
[PlyCount "67"]
[EventDate "2002.06.22"]
[EventType "swiss"]
[EventRounds "9"]
[EventCountry "ITA"]
[SourceTitle "CBM 089 Extra"]
[Source "ChessBase"]
[SourceDate "2002.09.10"]
[SourceVersion "2"]
[SourceVersionDate "2002.09.10"]
[SourceQuality "1"]

1. d4 Nf6 2. Nf3 g6 3. g3 Bg7 4. Bg2 0-0 5. 0-0 d6 6. c4 Nbd7 7. Nc3 e5 8. e4 exd4 9. Nxd4 Re8 10. h3 Nc5 11. Re1 a5 12. b3 c6 13. Bb2 Qb6 14. Qc2 Nfd7 15. Rad1 Ne5 16. Nde2 a4 17. Nc1 f5 18. Rxd6 axb3 19. axb3 Nxe4 20. Nxe4 fxe4 21. g4 Nf7 22. Rdd1 Bxb2 23. Qxb2 e3 24. Kh1 Re6 25. fxe3 Ra5 26. Qd4 Qc7 27. Qf4 Qe7 28. e4 h5 29. Rf1 hxg4 30. Qb8 Qe8 31. Qc7 Ra8 32. hxg4 g5 33. Kg1 Ne5 34. Rd8 1-0

[Event "ITA-ch sf"]
[Site "Arvier"]
[Date "2002.06.23"]
[Round "2"]
[White "Sartori, Spartaco"]
[Black "Iotti, Pierluigi"]
[Result "1-0"]
[WhiteElo "2262"]
[BlackElo "2291"]
[PlyCount "49"]
[EventDate "2002.06.22"]
[EventType "swiss"]
[EventRounds "9"]
[EventCountry "ITA"]
[SourceTitle "CBM 089 Extra"]
[Source "ChessBase"]
[SourceDate "2002.09.10"]
[SourceVersion "2"]
[SourceVersionDate "2002.09.10"]
[SourceQuality "1"]

1. c4 Nf6 2. Nc3 e6 3. Nf3 c5 4. e3 b6 5. d4 cxd4 6. exd4 Bb7 7. Bd3 Be7 8. Bg5 d6 9. 0-0 Nbd7 10. d5 Nxd5 11. cxd5 Bxg5 12. Bb5 a6 13. Bc6 Bxc6 14. dxc6 Nf8 15. c7 Qe7 16. Nxg5 Qxg5 17. Ne4 Qd5 18. Nxd6+ Kd7 19. Nxf7 Rg8 20. Rc1 Ng6 21. Qg4 Ne5 22. Nxe5+ Qxe5 23. Qb4 Qb5 24. Rfd1+ Kc8 25. Qe7 1-0

[Event "ITA-ch sf"]
[Site "Arvier"]
[Date "2002.06.22"]
[Round "1"]
[White "Iotti, Pierluigi"]
[Black "Rossato, Armando"]
[Result "1-0"]
[WhiteElo "2291"]
[BlackElo "2169"]
[PlyCount "79"]
[EventDate "2002.06.22"]
[EventType "swiss"]
[EventRounds "9"]
[EventCountry "ITA"]
[SourceTitle "CBM 089 Extra"]
[Source "ChessBase"]
[SourceDate "2002.09.10"]
[SourceVersion "2"]
[SourceVersionDate "2002.09.10"]
[SourceQuality "1"]

1. d4 c5 2. e3 g6 3. Nf3 Bg7 4. Bd3 d6 5. 0-0 Nc6 6. c3 Nf6 7. Qe2 0-0 8. h3 Qc7 9. dxc5 dxc5 10. e4 Nh5 11. Bc4 b6 12. Rd1 Bb7 13. a4 Rad8 14. Rxd8 Rxd8 15. Na3 Ne5 16. Nb5 Qd7 17. Nxe5 Bxe5 18. Bh6 a6 19. Na3 Qxa4 20. Nc2 Qd7 21. Bxa6 Bxa6 22. Qxa6 Bc7 23. Qe2 f6 24. Re1 Qd6 25. g3 Kh8 26. Qf3 Qe6 27. g4 Ng7 28. Ne3 Qe5 29. Kf1 Ne6 30. Nd5 g5 31. Nxe7 Rd2 32. Qf5 Rxb2 33. Qxe5 Bxe5 34. Ra1 Rd2 35. Nd5 Kg8 36. Ra7 Rd1+ 37. Kg2 Rxd5 38. exd5 Nf4+ 39. Kf3 Nxd5 40. Rg7+ 1-0

[Event "ITA-ch sf 61st"]
[Site "Limone Piemonte"]
[Date "2001.07.01"]
[Round "8"]
[White "Genocchio, Daniele"]
[Black "Iotti, Pierluigi"]
[Result "1/2-1/2"]
[WhiteElo "2263"]
[BlackElo "2310"]
[PlyCount "48"]
[EventDate "2001.06.24"]
[EventType "swiss"]
[EventRounds "8"]
[EventCountry "ITA"]
[SourceTitle "EXT 2002"]
[Source "ChessBase"]
[SourceDate "2001.11.25"]
[SourceVersion "1"]
[SourceVersionDate "2001.11.25"]
[SourceQuality "1"]

1. b3 d5 2. Bb2 c5 3. e3 Nc6 4. Bb5 Bd7 5. f4 Nf6 6. Nf3 g6 7. d3 Bg7 8. Nbd2 0-0 9. Qe2 Nb4 10. Bxd7 Qxd7 11. Nb1 Nh5 12. Bxg7 Kxg7 13. 0-0 Nc6 14. Ne5 Nxe5 15. fxe5 f5 16. exf6+ Rxf6 17. Rxf6 Nxf6 18. Nd2 Qe6 19. a4 Ng4 20. Re1 Rf8 21. Nf3 Ne5 22. Rf1 Ng4 23. Re1 Ne5 24. Rf1 Ng4 1/2-1/2

[Event "ITA-ch sf 61st"]
[Site "Limone Piemonte"]
[Date "2001.06.28"]
[Round "5"]
[White "Astengo, Marcello"]
[Black "Iotti, Pierluigi"]
[Result "0-1"]
[WhiteElo "2001"]
[BlackElo "2310"]
[PlyCount "94"]
[EventDate "2001.06.24"]
[EventType "swiss"]
[EventRounds "8"]
[EventCountry "ITA"]
[SourceTitle "EXT 2002"]
[Source "ChessBase"]
[SourceDate "2001.11.25"]
[SourceVersion "1"]
[SourceVersionDate "2001.11.25"]
[SourceQuality "1"]

1. d4 Nf6 2. Nf3 b6 3. Bf4 Bb7 4. e3 e6 5. Bd3 Be7 6. 0-0 0-0 7. Nbd2 c5 8. c3 d6 9. Qe2 Nh5 10. Bg3 Nxg3 11. fxg3 Nd7 12. Rad1 Qc7 13. Bb1 d5 14. Nh4 f5 15. Nhf3 c4 16. Qf2 b5 17. Bc2 a5 18. Rc1 b4 19. Nb1 Qb6 20. Ba4 Bc6 21. Bxc6 Qxc6 22. b3 Rfc8 23. Nfd2 cxb3 24. Nxb3 Qa6 25. g4 Rf8 26. Qg3 a4 27. N3d2 b3 28. a3 Bd6 29. Qh3 Qd3 30. gxf5 Rxf5 31. Rxf5 Qxf5 32. Qxf5 exf5 33. c4 dxc4 34. Rxc4 Kf7 35. Rc6 Be7 36. Nc4 Ke8 37. Nc3 Rb8 38. Nxa4 Ra8 39. Nc5 Nxc5 40. dxc5 Ra4 41. Rc8+ Kf7 42. Nd2 Rxa3 43. c6 Ra1+ 44. Kf2 Ra2 45. Ke1 Bb4 46. Rb8 Bxd2+ 47. Kd1 Ba5 0-1

[Event "ITA-ch sf 61st"]
[Site "Limone Piemonte"]
[Date "2001.06.26"]
[Round "3"]
[White "Scarenzio, Renato"]
[Black "Iotti, Pierluigi"]
[Result "1/2-1/2"]
[WhiteElo "2082"]
[BlackElo "2310"]
[PlyCount "95"]
[EventDate "2001.06.24"]
[EventType "swiss"]
[EventRounds "8"]
[EventCountry "ITA"]
[SourceTitle "EXT 2002"]
[Source "ChessBase"]
[SourceDate "2001.11.25"]
[SourceVersion "1"]
[SourceVersionDate "2001.11.25"]
[SourceQuality "1"]

1. d4 Nf6 2. c4 e6 3. Nc3 Bb4 4. Qc2 c5 5. dxc5 Na6 6. a3 Bxc3+ 7. Qxc3 Nxc5 8. b4 Nce4 9. Qd4 h6 10. f3 Ng5 11. e4 d6 12. Bxg5 hxg5 13. Rd1 Ke7 14. e5 Ne8 15. Qc3 Qc7 16. exd6+ Nxd6 17. Qxg7 Bd7 18. Qxg5+ f6 19. Qg3 Rag8 20. Qf4 e5 21. Qc1 Nf5 22. Ne2 Be6 23. c5 Rc8 24. Kf2 b6 25. g4 Nh4 26. Nc3 bxc5 27. Nd5+ Bxd5 28. Rxd5 cxb4 29. Qxc7+ Rxc7 30. axb4 Ng6 31. Bb5 Nf4 32. Rc5 Rb7 33. Bf1 Rd8 34. b5 Rd1 35. Rc8 Rxb5 36. Re8+ Kf7 37. Bc4+ Rdd5 38. Bxd5+ Rxd5 39. Ra8 Rd2+ 40. Kg3 Ra2 41. Kh4 Kg6 42. Rg8+ Kh7 43. Rc8 Kg6 44. Rc6 a5 45. Rb6 Rg2 46. Ra6 Kg7 47. Ra7+ Kg6 48. Rxa5 1/2-1/2

[Event "ITA-ch sf 61st"]
[Site "Limone Piemonte"]
[Date "2001.06.25"]
[Round "2"]
[White "Iotti, Pierluigi"]
[Black "Scalcione, Michelangelo"]
[Result "0-1"]
[WhiteElo "2310"]
[BlackElo "2162"]
[PlyCount "60"]
[EventDate "2001.06.24"]
[EventType "swiss"]
[EventRounds "8"]
[EventCountry "ITA"]
[SourceTitle "EXT 2002"]
[Source "ChessBase"]
[SourceDate "2001.11.25"]
[SourceVersion "1"]
[SourceVersionDate "2001.11.25"]
[SourceQuality "1"]

1. d4 Nf6 2. Nf3 g6 3. c4 Bg7 4. Nc3 0-0 5. e4 d6 6. Be2 e5 7. d5 a5 8. Bg5 h6 9. Bh4 Na6 10. Nd2 Bd7 11. 0-0 Qe8 12. g4 Nh7 13. f3 Bf6 14. Bf2 Qe7 15. Bd3 Bh4 16. Be3 Ng5 17. Kg2 h5 18. Qe2 hxg4 19. fxg4 Kg7 20. h3 Rh8 21. Nf3 Rh7 22. Ng1 Rah8 23. Rad1 Qd8 24. Rc1 Qc8 25. Qd2 Nxh3 26. Nxh3 Bxg4 27. Rh1 Bxh3+ 28. Kh2 Qg4 29. Rhg1 Bg3+ 30. Rxg3 Bf1+ 0-1

[Event "ITA-ch sf 61st"]
[Site "Limone Piemonte"]
[Date "2001.06.24"]
[Round "1"]
[White "Rettore, Ludwig"]
[Black "Iotti, Pierluigi"]
[Result "0-1"]
[WhiteElo "2134"]
[BlackElo "2310"]
[PlyCount "46"]
[EventDate "2001.06.24"]
[EventType "swiss"]
[EventRounds "8"]
[EventCountry "ITA"]
[SourceTitle "EXT 2002"]
[Source "ChessBase"]
[SourceDate "2001.11.25"]
[SourceVersion "1"]
[SourceVersionDate "2001.11.25"]
[SourceQuality "1"]

1. e4 e6 2. d4 d5 3. Nc3 Bb4 4. e5 c5 5. a3 Bxc3+ 6. bxc3 Ne7 7. Qg4 0-0 8. Nf3 Nbc6 9. Bd3 f5 10. exf6 Rxf6 11. Bg5 Rf7 12. Qh4 h6 13. Bd2 Bd7 14. 0-0 Nf5 15. Qxd8+ Rxd8 16. Rab1 b6 17. dxc5 bxc5 18. Bxf5 Rxf5 19. Be3 d4 20. cxd4 cxd4 21. Bxd4 Rxf3 22. gxf3 Nxd4 23. Rfd1 Ne2+ 0-1

[Event "Reggio Emilia 0001 43th"]
[Site "Reggio Emilia"]
[Date "2001.01.03"]
[Round "5"]
[White "Vezzosi, Paolo"]
[Black "Iotti, Pierluigi"]
[Result "1-0"]
[WhiteElo "2421"]
[BlackElo "2294"]
[PlyCount "111"]
[EventDate "2000.12.30"]
[EventType "tourn"]
[EventRounds "9"]
[EventCountry "ITA"]
[EventCategory "8"]
[SourceTitle "CBM 081"]
[Source "ChessBase"]
[SourceDate "2001.03.20"]
[SourceVersion "1"]
[SourceVersionDate "2001.03.20"]
[SourceQuality "1"]

1. d4 Nf6 2. c4 e6 3. g3 d5 4. Nf3 Be7 5. Bg2 0-0 6. 0-0 c6 7. b3 b6 8. Nbd2 Bb7 9. Bb2 Nbd7 10. e3 Rc8 11. Qe2 c5 12. Rfd1 dxc4 13. Nxc4 Qc7 14. Rac1 Qb8 15. dxc5 Bxc5 16. Nfe5 Nxe5 17. Bxe5 Qa8 18. Bxb7 Qxb7 19. Bd6 Rfd8 20. Bxc5 bxc5 21. Nd6 Rxd6 22. Rxd6 Ne4 23. Rd3 Ng5 24. e4 Nxe4 25. Rcd1 h6 26. h4 f5 27. Rd7 Rc7 28. Qd3 Kh7 29. Rd8 c4 30. bxc4 Qb2 31. Qd4 Qxa2 32. Rc1 a5 33. c5 Qa3 34. Rc4 Rxc5 35. Rxc5 Qxc5 36. Qxc5 Nxc5 37. Rd6 g5 38. Rc6 Ne4 39. hxg5 hxg5 40. Rxe6 Kg7 41. g4 Nd2 42. gxf5 Nf3+ 43. Kf1 Nh4 44. f6+ Kf7 45. Ra6 a4 46. Ke2 a3 47. Ke3 a2 48. Ke4 a1Q 49. Rxa1 Kxf6 50. Ra6+ Kg7 51. Ke5 Kf7 52. Rf6+ Kg7 53. Ke6 Ng6 54. Kf5 Nf4 55. Rd6 Kh7 56. f3 1-0

[Event "Reggio Emilia 0001 43th"]
[Site "Reggio Emilia"]
[Date "2001.01.02"]
[Round "4"]
[White "Iotti, Pierluigi"]
[Black "Romanishin, Oleg M"]
[Result "0-1"]
[WhiteElo "2294"]
[BlackElo "2591"]
[PlyCount "102"]
[EventDate "2000.12.30"]
[EventType "tourn"]
[EventRounds "9"]
[EventCountry "ITA"]
[EventCategory "8"]
[SourceTitle "CBM 081"]
[Source "ChessBase"]
[SourceDate "2001.03.20"]
[SourceVersion "1"]
[SourceVersionDate "2001.03.20"]
[SourceQuality "1"]

1. d4 Nf6 2. Nf3 g6 3. g3 Bg7 4. Bg2 d5 5. c4 dxc4 6. Qa4+ Nfd7 7. 0-0 Nc6 8. Qxc4 0-0 9. Rd1 Nb6 10. Qd3 Bf5 11. e4 Bg4 12. Be3 e5 13. d5 Nd4 14. Bxd4 exd4 15. h3 Bxf3 16. Bxf3 Qd7 17. Kg2 c6 18. dxc6 Qxc6 19. Na3 Nd7 20. Rac1 Qf6 21. Nc4 Rad8 22. a4 Qa6 23. Qa3 h5 24. h4 Rc8 25. Qb4 Bh6 26. Rc2 Ne5 27. Be2 Qe6 28. f3 b6 29. b3 Rfd8 30. Bd3 Nc6 31. Qe1 Bf8 32. Re2 Nb4 33. f4 a6 34. Qf2 b5 35. axb5 axb5 36. Ne5 Qxb3 37. Rb1 Nxd3 38. Rxb3 Nxf2 39. Kxf2 b4 40. Rd2 Rc3 41. Rb1 b3 42. Nd3 Ra8 43. Nc1 Ba3 44. Nxb3 Rb8 45. Rxd4 Rbxb3 46. Rxb3 Rxb3 47. Rd5 Rc3 48. f5 Kg7 49. fxg6 fxg6 50. Ra5 Bd6 51. e5 Bc7 0-1

[Event "Porto San Giorgio op 12th"]
[Site "Porto San Giorgio"]
[Date "2000.08.26"]
[Round "7"]
[White "Iotti, Pierluigi"]
[Black "Tomescu, Vlad"]
[Result "0-1"]
[WhiteElo "2294"]
[BlackElo "2432"]
[PlyCount "75"]
[EventDate "2000.08.20"]
[EventType "swiss"]
[EventRounds "9"]
[EventCountry "ITA"]
[SourceTitle "EXT 2001"]
[Source "ChessBase"]
[SourceDate "2000.11.22"]
[SourceVersion "1"]
[SourceVersionDate "2000.11.22"]
[SourceQuality "1"]

1. d4 Nf6 2. Nf3 g6 3. g3 Bg7 4. Bg2 0-0 5. 0-0 d6 6. c4 c6 7. Nc3 Nbd7 8. b3 Re8 9. Bb2 e5 10. e4 exd4 11. Nxd4 Nc5 12. Re1 a5 13. Qd2 Qb6 14. Rab1 Ng4 15. Nf3 Ne5 16. Nxe5 dxe5 17. Qe3 Be6 18. Ba3 Bf8 19. Rbc1 Qa7 20. Bb2 f6 21. h4 Qb6 22. Ba3 Qa7 23. Bb2 a4 24. b4 a3 25. Ba1 Na6 26. b5 Qxe3 27. Rxe3 Nb4 28. bxc6 bxc6 29. Rb1 Bxc4 30. Bf1 Be6 31. Re2 Red8 32. f4 Rd3 33. Kh2 Rad8 34. Bh3 Bf7 35. fxe5 fxe5 36. Rbe1 Bc5 37. Nb1 Bd4 38. Nxa3 0-1

[Event "Montecatini Terme op"]
[Site "Montecatini Terme"]
[Date "2000.??.??"]
[Round "9"]
[White "Dittmar, Peter"]
[Black "Iotti, Pierluigi"]
[Result "1-0"]
[WhiteElo "2364"]
[BlackElo "2294"]
[PlyCount "53"]
[EventDate "2000.07.??"]
[EventType "swiss"]
[EventRounds "9"]
[EventCountry "ITA"]
[SourceTitle "EXT 2001"]
[Source "ChessBase"]
[SourceDate "2000.11.22"]
[SourceVersion "1"]
[SourceVersionDate "2000.11.22"]
[SourceQuality "1"]

1. c4 e6 2. Nc3 c5 3. Nf3 b6 4. e3 Nf6 5. d4 cxd4 6. exd4 Bb7 7. Bd3 Be7 8. 0-0 0-0 9. d5 Bb4 10. Bg5 Bxc3 11. bxc3 h6 12. Bh4 exd5 13. cxd5 Bxd5 14. Nd4 Nc6 15. Nf5 Ne5 16. Re1 Ng6 17. Ne7+ Nxe7 18. Bxf6 gxf6 19. Qg4+ Kh8 20. Rxe7 Be6 21. Qh5 f5 22. Qxh6+ Kg8 23. Qg5+ Kh7 24. Bxf5+ Bxf5 25. Qxf5+ Kg7 26. Qg5+ Kh7 27. Rae1 1-0

[Event "Montecatini Terme op"]
[Site "Montecatini Terme"]
[Date "2000.??.??"]
[Round "2"]
[White "Iotti, Pierluigi"]
[Black "Palac, Mladen"]
[Result "0-1"]
[WhiteElo "2294"]
[BlackElo "2573"]
[PlyCount "42"]
[EventDate "2000.07.??"]
[EventType "swiss"]
[EventRounds "9"]
[EventCountry "ITA"]
[SourceTitle "EXT 2001"]
[Source "ChessBase"]
[SourceDate "2000.11.22"]
[SourceVersion "1"]
[SourceVersionDate "2000.11.22"]
[SourceQuality "1"]

1. d4 Nf6 2. Nf3 g6 3. c4 Bg7 4. Nc3 d5 5. cxd5 Nxd5 6. Bd2 0-0 7. e4 Nb6 8. Be3 Bg4 9. Qd2 Nc6 10. 0-0-0 e5 11. d5 Nd4 12. Be2 Bxf3 13. gxf3 c5 14. dxc6 bxc6 15. f4 Qh4 16. fxe5 Rfd8 17. Qe1 Bxe5 18. f4 Nxe2+ 19. Nxe2 Rxd1+ 20. Kxd1 Qd8+ 21. Qd2 Nc4 0-1

[Event "Porto San Giorgio op 11th"]
[Site "Porto San Giorgio"]
[Date "1999.08.26"]
[Round "7"]
[White "Piva, Giorgio"]
[Black "Iotti, Pierluigi"]
[Result "0-1"]
[WhiteElo "2115"]
[BlackElo "2326"]
[PlyCount "70"]
[EventDate "1999.08.20"]
[EventType "swiss"]
[EventRounds "9"]
[EventCountry "ITA"]
[SourceTitle "EXT 2000"]
[Source "ChessBase"]
[SourceDate "1999.11.16"]
[SourceVersion "1"]
[SourceVersionDate "1999.11.16"]
[SourceQuality "1"]

1. d4 Nf6 2. Bg5 e6 3. Nd2 c5 4. e3 cxd4 5. exd4 Be7 6. Bd3 b6 7. Ngf3 Bb7 8. 0-0 0-0 9. c3 d6 10. Re1 Nbd7 11. Nf1 Re8 12. Qe2 Qc8 13. Ng3 a6 14. a4 Bc6 15. c4 a5 16. b3 Qb7 17. Rad1 Rad8 18. Bc2 h6 19. Bc1 Bxf3 20. gxf3 d5 21. f4 Rc8 22. Bd3 Qc6 23. Qa2 Bb4 24. Re2 Qc7 25. Be3 Bd6 26. Qd2 Red8 27. Qc1 dxc4 28. bxc4 Nb8 29. f5 e5 30. d5 Nbd7 31. Rc2 Bc5 32. Ne4 Nxe4 33. Bxe4 Nf6 34. Bf3 Qd7 35. Bxc5 Rxc5 0-1

[Event "Porto San Giorgio op 11th"]
[Site "Porto San Giorgio"]
[Date "1999.08.25"]
[Round "6"]
[White "Iotti, Pierluigi"]
[Black "Davies, Nigel Rodney"]
[Result "0-1"]
[WhiteElo "2326"]
[BlackElo "2518"]
[PlyCount "88"]
[EventDate "1999.08.20"]
[EventType "swiss"]
[EventRounds "9"]
[EventCountry "ITA"]
[SourceTitle "EXT 2000"]
[Source "ChessBase"]
[SourceDate "1999.11.16"]
[SourceVersion "1"]
[SourceVersionDate "1999.11.16"]
[SourceQuality "1"]

1. d4 Nf6 2. c4 g6 3. Nc3 d5 4. cxd5 Nxd5 5. Bd2 Bg7 6. e4 Nb6 7. Be3 0-0 8. Rc1 c6 9. Be2 Na6 10. Nf3 Bg4 11. 0-0 Nc7 12. Qd2 Bxf3 13. gxf3 Qd7 14. Rfd1 Rad8 15. a4 Qh3 16. Qe1 Ne6 17. a5 Nc8 18. Bf1 Qh4 19. Ne2 a6 20. Bg2 Nd6 21. f4 Nb5 22. d5 cxd5 23. exd5 Nec7 24. Nc3 Nd6 25. Ne4 Ncb5 26. Nxd6 Nxd6 27. Qb4 Qg4 28. Rd2 Rc8 29. Rc5 Rxc5 30. Bxc5 Bh6 31. Be3 Rc8 32. Rd3 Rc4 33. Qe1 Bxf4 34. Bxf4 Qxf4 35. Rc3 Kf8 36. h3 f6 37. Rxc4 Qxc4 38. Qd2 g5 39. Bf1 Qe4 40. Bg2 Qe5 41. Qc2 Kg7 42. Qc7 h5 43. Bf3 Qe1+ 44. Kg2 Nf5 0-1